Paesi nominati nella pagina Wikipedia della Corea del Sud - Statistics

Statistiche generali
  • Questo quiz è stato fatto 36 volte
  • Il punteggio medio è 15 su 21
Statistiche sulle risposte
Volte in cui viene nominato Indizio (basato sul motivo per cui lo stato viene nominato nella pagina Wikipedia) Paese % Corretto
21 Paese confinante Corea del Nord
100%
9 Quella sudcoreana è la quarta economia asiatica, terza è quella di questo paese Giappone
100%
8 Paese che durante la guerra di Corea (1905-53) combatté con la Corea del Nord Cina
96%
1 Quella sudcoreana è la quarta economia asiatica, quarta è quella di questo paese India
96%
11 Tradizionale alleato della Corea del Sud Stati Uniti
96%
1 Ai mondiali di calcio casalinghi del 2002, la nazionale sudcoreana ottenne una sorprendente vittoria contro quella di questo paese (con evidenti favori arbitrali) Italia
93%
2 I mondiali di calcio del 2014, tenutisi in questo paese, videro la partecipazione della nazionale sudcoreana per la settima volta consecutiva al torneo Brasile
85%
1 Ai mondiali di calcio casalinghi del 2002, la nazionale sudcoreana fu sconfitta in semifinale da quella di questo paese Germania
85%
2 Paese che ha collaborato nella costruzione delle ferrovie ad alta velocità in Corea del Sud Francia
81%
2 Al G20 del 2010 la Corea del Sud ebbe un ruolo di vertice a fianco di questo paese Canada
78%
1 Al G20 del 2010 la Corea del Sud ebbe un ruolo di vertice a fianco di questo paese Regno Unito
74%
1 Ai mondiali di calcio casalinghi del 2002, la nazionale sudcoreana ottenne una sorprendente vittoria contro quella di questo paese (con evidenti favori arbitrali) Spagna
70%
3 La Corea del Sud è il terzo paese più densamente popolato al mondo (escludendo i microstati), il secondo è questo Taiwan
63%
1 La Corea del Sud è il terzo paese più densamente popolato al mondo (escludendo i microstati), il primo è questo Bangladesh
56%
1 Ai mondiali di calcio casalinghi del 2002, la nazionale sudcoreana ottenne una sorprendente vittoria contro quella di questo paese Portogallo
56%
1 I mondiali di calcio del 2010, tenutisi in questo paese, videro la partecipazione della nazionale sudcoreana per la settima volta consecutiva al torneo Sudafrica
56%
1 Paese con cui la Corea del Sud ha stretto degli accordi commerciali Nuova Zelanda
48%
1 Ai mondiali di calcio casalinghi del 2002, la nazionale sudcoreana fu sconfitta nella finalina per il terzo posto da quella di questo paese Turchia
41%
1 Ai mondiali di calcio del 2006, la Corea del Sud fu eliminata dopo aver perso contro questa nazionale Svizzera
30%
1 Ai mondiali di calcio del 2010, la Corea del Sud fu eliminata dopo aver perso contro questa nazionale Uruguay
30%
1 Nel 1983, una delegazione sudcoreana fu vittima di un attentato in questo paese Myanmar
22%
Nessun quiz corrispondente trovato
Distribuzione punteggi
Percentuale di utenti per punteggio
Percentile per numero di risposta
I tuoi punteggi nel tempo
Non hai fatto questo quiz